[Event "Washington op 2nd"]
[Site "Rockville"]
[Date "2013.08.11"]
[Round "9"]
[White "Li, Ruifeng"]
[Black "Pratihba, Yuvaraj"]
[Result "0-1"]
[WhiteElo "2246"]
[BlackElo "2174"]
[PlyCount "188"]
[EventDate "2013.08.06"]
[EventType "swiss"]
[EventRounds "9"]
[EventCountry "USA"]
[SourceTitle "EXT 2014"]
[Source "ChessBase"]
[SourceDate "2013.11.20"]
[SourceVersion "1"]
[SourceVersionDate "2013.11.20"]
[SourceQuality "1"]

1. e4 e5 2. Nf3 Nc6 3. Bb5 a6 4. Ba4 Nf6 5. 0-0 b5 6. Bb3 Be7 7. Re1 0-0 8. a4 b4 9. d3 d5 10. exd5 Nxd5 11. Nxe5 Nxe5 12. Rxe5 c6 13. Nd2 Bd6 14. Re1 Qh4 15. g3 Qh3 16. Ne4 Bc7 17. Ng5 Qf5 18. Qf3 Qg6 19. Qg2 h6 20. Nf3 Qh5 21. h4 Bg4 22. Nh2 Bd7 23. Bd2 Rfe8 24. Qf3 Qg6 25. h5 Qd6 26. Ng4 Bb6 27. Kg2 Kh8 28. Bxd5 cxd5 29. Bf4 Qc5 30. Ne5 Be6 31. Rac1 Bc7 32. c3 Bxe5 33. Bxe5 bxc3 34. bxc3 Qc6 35. a5 Qd7 36. Qf4 Kg8 37. f3 Qb5 38. Qd2 Qxa5 39. g4 Qd8 40. Qf4 Rc8 41. Qa4 Qb6 42. Bd4 Qd6 43. Be5 Qd7 44. Qf4 Qd8 45. Ra1 Rc6 46. Kg3 Bd7 47. Qd4 Rce6 48. Qxd5 Kh8 49. c4 Qc8 50. Kf2 Bc6 51. Qc5 Qb7 52. Rab1 Qa8 53. Qd4 f6 54. Bf4 Rxe1 55. Rxe1 Rxe1 56. Kxe1 Bxf3 57. Bxh6 Qe8+ 58. Qe3 Qc6 59. Bf4 Bxg4 60. Kf2 Bxh5 61. c5 Bf7 62. Qe7 Kg8 63. Bd6 Bd5 64. Ke3 Kh7 65. Kd2 a5 66. Qc7 Qxc7 67. Bxc7 a4 68. Ba5 a3 69. Ke3 g5 70. Kd4 Bc6 71. Kc4 a2 72. Bc3 g4 73. Kb3 Bd5+ 74. Kb2 Kg6 75. c6 Bxc6 76. Kxa2 Kf5 77. Kb2 g3 78. Kc2 Kg5 79. Kd1 f5 80. Ke2 Kg4 81. Kf1 Bb5 82. Bd4 Kf3 83. Be5 Bxd3+ 84. Kg1 f4 85. Bc7 Kg4 86. Bb6 f3 87. Bc5 Bc4 88. Bb6 Kf4 89. Bc7+ Kg4 90. Bb6 Kf5 91. Ba7 Ke4 92. Bb6 Kd3 93. Kf1 Kd2+ 94. Kg1 Ke2 0-1

[Event "Arlington DC op 1st"]
[Site "Arlington"]
[Date "2013.06.29"]
[Round "6"]
[White "Pratihba, Yuvaraj"]
[Black "Panchanatham, Vignesh"]
[Result "1-0"]
[WhiteElo "2193"]
[BlackElo "2061"]
[PlyCount "69"]
[EventDate "2013.06.27"]
[EventType "swiss"]
[EventRounds "9"]
[EventCountry "USA"]
[SourceTitle "CBM 155 Extra"]
[Source "ChessBase"]
[SourceDate "2013.08.26"]
[SourceVersion "1"]
[SourceVersionDate "2013.08.26"]
[SourceQuality "1"]

1. e4 e6 2. d4 d5 3. Nd2 Be7 4. Bd3 c5 5. dxc5 Nf6 6. Qe2 a5 7. Ngf3 0-0 8. c3 Na6 9. e5 Nh5 10. Nb3 a4 11. Nbd4 g6 12. c6 b6 13. b4 Nc7 14. 0-0 f6 15. exf6 Bxf6 16. Ne5 Qd6 17. f4 Bg7 18. Bd2 Ra7 19. Rae1 Qd8 20. g4 Nf6 21. Kh1 Nce8 22. g5 Ne4 23. Bxe4 dxe4 24. Qxe4 Nd6 25. Qe2 Ba6 26. Nd3 Bxd4 27. cxd4 Bc4 28. d5 Bxd5+ 29. Kg1 Nb5 30. Ne5 Nd4 31. Qd3 Nxc6 32. Ng4 Bxa2 33. Nh6+ Kg7 34. Bc3+ e5 35. Rxe5 1-0

[Event "USA-chT Amateur East"]
[Site "Parsippany"]
[Date "2013.02.16"]
[Round "3"]
[White "Lawrence, Jeffrey A"]
[Black "Pratihba, Yuvaraj"]
[Result "0-1"]
[WhiteElo "1949"]
[BlackElo "2182"]
[PlyCount "48"]
[EventDate "2013.02.16"]
[EventType "team-swiss"]
[EventRounds "6"]
[EventCountry "USA"]
[SourceTitle "CBM 153 Extra"]
[Source "ChessBase"]
[SourceDate "2013.04.22"]
[SourceVersion "1"]
[SourceVersionDate "2013.04.22"]
[SourceQuality "1"]
[WhiteTeam "Pawn Storm Sandy"]
[BlackTeam "Summit Chess The Center Square"]
[WhiteTeamCountry "USA"]
[BlackTeamCountry "USA"]

1. e4 e5 2. Nc3 Nf6 3. Bc4 c6 4. Nf3 d6 5. d3 Be7 6. 0-0 Bg4 7. h3 Bh5 8. Bb3 0-0 9. Bg5 Nbd7 10. a3 Nc5 11. Ba2 Ne6 12. Bxf6 Bxf6 13. Bxe6 fxe6 14. g4 Bg6 15. Qe2 Qe8 16. Rad1 Qf7 17. Kg2 h5 18. g5 Be7 19. Qe3 h4 20. Ne2 Bh5 21. Neg1 Qg6 22. d4 Rf4 23. Rde1 Raf8 24. Nh2 Bxg5 0-1

[Event "Asia-ch U20 Girls"]
[Site "Bikaner"]
[Date "2004.12.23"]
[Round "3"]
[White "Pratihba, Yuvaraj"]
[Black "Sandhya, N."]
[Result "1-0"]
[WhiteElo "2203"]
[BlackElo "2113"]
[PlyCount "70"]
[EventDate "2004.12.22"]
[EventType "swiss"]
[EventRounds "11"]
[EventCountry "IND"]
[SourceTitle "CBM 104 Extra"]
[Source "ChessBase"]
[SourceDate "2005.03.01"]
[SourceVersion "1"]
[SourceVersionDate "2005.03.01"]
[SourceQuality "1"]

1. e4 e6 2. d4 d5 3. Nd2 Nf6 4. e5 Nfd7 5. f4 c5 6. c3 Nc6 7. Ndf3 Qb6 8. g3 cxd4 9. cxd4 Bb4+ 10. Kf2 g5 11. fxg5 Ndxe5 12. Nxe5 Nxe5 13. Kg2 Nc6 14. Nf3 Bf8 15. b3 Bg7 16. Bb2 h6 17. h4 Bd7 18. Rc1 Qd8 19. Bd3 Qe7 20. Qd2 Qd6 21. a3 a6 22. b4 b5 23. Bc3 Rc8 24. Qe2 Ne7 25. Bd2 Rxc1 26. Rxc1 hxg5 27. hxg5 Nc6 28. Bf4 Qe7 29. Qe3 f5 30. gxf6 Qxf6 31. Rxc6 Bxc6 32. Ne5 0-0 33. Bg5 Qf2+ 34. Qxf2 Rxf2+ 35. Kxf2 Bf8 1-0

[Event "Asia Cities-ch 14th"]
[Site "Tagaytay City"]
[Date "2004.03.24"]
[Round "5.3"]
[White "Pratihba, Yuvaraj"]
[Black "Ibrayev, Nurlan"]
[Result "0-1"]
[WhiteElo "2229"]
[BlackElo "2427"]
[PlyCount "146"]
[EventDate "2004.03.21"]
[EventType "team"]
[EventRounds "9"]
[EventCountry "PHI"]
[SourceTitle "CBM 099 Extra"]
[Source "ChessBase"]
[SourceDate "2004.05.04"]
[SourceVersion "1"]
[SourceVersionDate "2004.05.04"]
[SourceQuality "1"]
[WhiteTeam "Kanchipuram"]
[BlackTeam "Pavlodar"]
[WhiteTeamCountry "IND"]
[BlackTeamCountry "KAZ"]

1. e4 c5 2. Nf3 e6 3. d4 cxd4 4. Nxd4 Qb6 5. Nc3 Bc5 6. Be3 Nc6 7. Ndb5 Bxe3 8. fxe3 Qxe3+ 9. Be2 Kf8 10. Rf1 Nf6 11. Qd6+ Kg8 12. Rf3 Qg5 13. Rg3 Qe5 14. 0-0-0 a6 15. Qxe5 Nxe5 16. Nd6 b5 17. Rf1 Kf8 18. Rg5 Nc6 19. e5 h6 20. exf6 hxg5 21. fxg7+ Kxg7 22. Rxf7+ Kg6 23. Bd3+ Kh5 24. Nce4 Ne5 25. Be2+ Kg6 26. Rf6+ Kg7 27. h3 Rb8 28. Rf2 Bb7 29. Nxg5 Bd5 30. Nde4 Rbf8 31. Rxf8 Rxf8 32. g4 Rf4 33. Ng3 Kh6 34. h4 Bg2 35. Nh5 Rf2 36. Kd1 Bf1 37. Ng3 Bxe2+ 38. Nxe2 Nxg4 39. Ne4 Rf1+ 40. Kd2 Nf6 41. Nc5 a5 42. Nb7 a4 43. Nc3 Rf4 44. a3 b4 45. axb4 Rd4+ 46. Kc1 Rxb4 47. Nc5 a3 48. b3 Rxh4 49. Kb1 Rh1+ 50. Ka2 Rc1 51. Kxa3 Rxc2 52. N3a4 e5 53. b4 d6 54. Nb7 d5 55. Kb3 Rc7 56. Nbc5 Nd7 57. Na6 Rc8 58. b5 d4 59. Nb4 e4 60. Nc6 d3 61. Kc3 Kg5 62. Kd4 Kf4 63. Nc3 d2 64. Ne7 Re8 65. Ned5+ Kf3 66. Ne3 Nb6 67. Ncd1 Rd8+ 68. Kc5 Na4+ 69. Kc6 Rd3 70. Nc4 Ke2 71. b6 Nxb6 72. Kxb6 Kxd1 73. Kb5 Ke2 0-1

[Event "IND-ch (Women) 30th"]
[Site "Calicut"]
[Date "2003.11.18"]
[Round "14"]
[White "Pratihba, Yuvaraj"]
[Black "Thipsay, Bagyashree Sathe"]
[Result "0-1"]
[WhiteElo "2185"]
[BlackElo "2249"]
[PlyCount "112"]
[EventDate "2003.11.09"]
[EventType "tourn"]
[EventRounds "17"]
[EventCountry "IND"]
[SourceTitle "EXT 2004"]
[Source "ChessBase"]
[SourceDate "2003.11.25"]
[SourceVersion "1"]
[SourceVersionDate "2003.11.25"]
[SourceQuality "1"]

1. e4 c6 2. d4 d5 3. Nd2 dxe4 4. Nxe4 Nf6 5. Ng3 h5 6. h4 Bg4 7. Be2 Qc7 8. Qd3 e6 9. Bd2 Nbd7 10. 0-0-0 0-0-0 11. c4 c5 12. Bxg4 Nxg4 13. Nh3 Nde5 14. Qe2 cxd4 15. Kb1 Nc6 16. Nxh5 Rxh5 17. Qxg4 Rc5 18. Rc1 Ne5 19. Qg3 Nxc4 20. Qxc7+ Rxc7 21. Rhd1 Be7 22. Bf4 e5 23. Bg3 f5 24. f3 Rd5 25. Ng5 Bxg5 26. hxg5 Rc6 27. Bf2 f4 28. g3 fxg3 29. Bxg3 Rdc5 30. Be1 Kd7 31. b3 Ne3 32. Rxc5 Rxc5 33. Rd3 Ke6 34. Bd2 Nd5 35. Kb2 Kf5 36. b4 Rc7 37. a4 Nf4 38. Rb3 Kxg5 39. b5 b6 40. Bb4 Kf5 41. Kb1 d3 42. Bd2 Rd7 43. Kc1 g5 44. Be3 g4 45. fxg4+ Kxg4 46. Kd2 e4 47. Ra3 Kf3 48. a5 Nd5 49. Bd4 Rh7 50. Be5 Nf4 51. Kc3 Rh2 52. Kd4 bxa5 53. Rxa5 d2 54. Ra3+ Nd3 55. Ra1 Nxe5 56. Kxe5 e3 0-1

[Event "IND-ch (Women) 30th"]
[Site "Calicut"]
[Date "2003.11.16"]
[Round "11"]
[White "Pratihba, Yuvaraj"]
[Black "Sachdev, Tania"]
[Result "1/2-1/2"]
[WhiteElo "2231"]
[BlackElo "2218"]
[PlyCount "136"]
[EventDate "2003.11.09"]
[EventType "tourn"]
[EventRounds "17"]
[EventCountry "IND"]
[SourceTitle "EXT 2004"]
[Source "ChessBase"]
[SourceDate "2003.11.25"]
[SourceVersion "1"]
[SourceVersionDate "2003.11.25"]
[SourceQuality "1"]

1. e4 c5 2. Nf3 e6 3. d4 cxd4 4. Nxd4 a6 5. Bd3 Nf6 6. 0-0 Qc7 7. Qe2 d6 8. f4 Be7 9. c4 b6 10. b3 Nbd7 11. Bb2 Bb7 12. Nd2 0-0 13. Rae1 e5 14. Nf5 Nc5 15. Bc2 Bc8 16. Kh1 Re8 17. Nf3 exf4 18. e5 Bf8 19. Qd2 Bxf5 20. Bxf5 Nfd7 21. Qxf4 h6 22. b4 Ne6 23. Bxe6 fxe6 24. exd6 Bxd6 25. Qd4 Nf6 26. Nh4 Bxb4 27. Rb1 Bc5 28. Qd1 Rad8 29. Qe2 Bd4 30. Bc1 Rc8 31. Nf3 Qxc4 32. Qxc4 Rxc4 33. Nxd4 Rxd4 34. Rxb6 a5 35. Bb2 Rb4 36. Rxb4 axb4 37. Kg1 Nd5 38. Rf3 Rf8 39. Rg3 Rf7 40. a3 bxa3 41. Rxa3 Rb7 42. Be5 Kf7 43. Rf3+ Nf6 44. h3 Rb5 45. Re3 g5 46. g4 Nd7 47. Bg3 e5 48. Kf2 Ke6 49. Ra3 Nc5 50. Ke3 Rb4 51. Kf3 Rb3+ 52. Rxb3 Nxb3 53. Ke3 Kd5 54. h4 Nc5 55. hxg5 hxg5 56. Be1 e4 57. Bc3 Nd7 58. Bd2 Ne5 59. Ke2 Nf3 60. Bc1 Ke5 61. Be3 Nd4+ 62. Kf2 Ne6 63. Ke2 Nf4+ 64. Kf2 Kd5 65. Bb6 Kc4 66. Ke3 Nd5+ 67. Kxe4 Nxb6 68. Kf5 Nd5 1/2-1/2

[Event "IND-ch (Women) 30th"]
[Site "Calicut"]
[Date "2003.11.14"]
[Round "8"]
[White "Meenakshi, Subbaraman"]
[Black "Pratihba, Yuvaraj"]
[Result "1/2-1/2"]
[WhiteElo "2288"]
[BlackElo "2231"]
[PlyCount "69"]
[EventDate "2003.11.09"]
[EventType "tourn"]
[EventRounds "17"]
[EventCountry "IND"]
[SourceTitle "EXT 2004"]
[Source "ChessBase"]
[SourceDate "2003.11.25"]
[SourceVersion "1"]
[SourceVersionDate "2003.11.25"]
[SourceQuality "1"]

1. d4 e6 2. c4 f5 3. g3 d5 4. Nd2 c6 5. Bg2 Bd6 6. Qc2 Nf6 7. Nh3 0-0 8. 0-0 b6 9. Nf3 Qe7 10. Bf4 Ne4 11. Rfc1 Bb7 12. Bxd6 Qxd6 13. Nf4 Nd7 14. Nd3 c5 15. cxd5 exd5 16. e3 Rac8 17. Qa4 Rc7 18. Nfe5 Nxe5 19. Nxe5 Kh8 20. Rc2 Bc8 21. Qa3 Be6 22. Rac1 Rfc8 23. Nd3 Bf7 24. f3 c4 25. fxe4 cxd3 26. Rxc7 Rxc7 27. Qxd6 Rxc1+ 28. Kf2 Rc2+ 29. Kf1 dxe4 30. Qf8+ Bg8 31. Ke1 Rxg2 32. d5 Rg1+ 33. Kd2 Rg2+ 34. Kd1 Rg1+ 35. Kd2 1/2-1/2

[Event "IND-ch (Women) 30th"]
[Site "Calicut"]
[Date "2003.11.14"]
[Round "9"]
[White "Pratihba, Yuvaraj"]
[Black "Koneru, Chandra Hawsa"]
[Result "1/2-1/2"]
[WhiteElo "2185"]
[BlackElo "2193"]
[PlyCount "141"]
[EventDate "2003.11.09"]
[EventType "tourn"]
[EventRounds "17"]
[EventCountry "IND"]
[SourceTitle "EXT 2004"]
[Source "ChessBase"]
[SourceDate "2003.11.25"]
[SourceVersion "1"]
[SourceVersionDate "2003.11.25"]
[SourceQuality "1"]

1. e4 c5 2. Nf3 d6 3. d4 cxd4 4. Nxd4 Nf6 5. Nc3 a6 6. Bg5 Nbd7 7. f4 Qc7 8. Qf3 e6 9. 0-0-0 b5 10. g4 b4 11. Nd5 Nxd5 12. exd5 Bb7 13. Qe3 e5 14. fxe5 dxe5 15. Bg2 Bc5 16. Qe4 0-0 17. Nf5 f6 18. Bh4 a5 19. Rhe1 Nb6 20. Qd3 Nc8 21. Be4 Ba6 22. Qh3 Nd6 23. g5 Nxe4 24. Rxe4 fxg5 25. d6 Bxd6 26. Nxd6 gxh4 27. Rxh4 h6 28. Qe6+ Kh7 29. Qxe5 Rae8 30. Qg3 Re2 31. Nc4 Qxg3 32. hxg3 Rff2 33. Nd2 Rg2 34. Re4 Ref2 35. Re5 Be2 36. Ne4 Bxd1 37. Nxf2 Bxc2 38. Kxc2 Rxf2+ 39. Kc1 Rf3 40. Rxa5 Rxg3 41. a4 bxa3 42. Rxa3 Rg4 43. Ra5 Kg6 44. Kd2 h5 45. Kc3 h4 46. b4 h3 47. Ra1 Kf6 48. b5 Ke6 49. Rd1 h2 50. Rh1 Rh4 51. Kd3 Kf5 52. b6 Rb4 53. Rxh2 Rxb6 54. Rf2+ Kg5 55. Rg2+ Kf6 56. Rf2+ Ke7 57. Re2+ Re6 58. Rxe6+ Kxe6 59. Ke4 Kf6 60. Kf4 g6 61. Kg4 g5 62. Kg3 Kg6 63. Kg4 Kh6 64. Kg3 Kh5 65. Kh3 g4+ 66. Kg3 Kg5 67. Kg2 Kf4 68. Kf2 g3+ 69. Kg1 Kg4 70. Kg2 Kh4 71. Kg1 1/2-1/2

[Event "IND-ch (Women) 30th"]
[Site "Calicut"]
[Date "2003.11.10"]
[Round "3"]
[White "Pratihba, Yuvaraj"]
[Black "Nadig, Kruttika"]
[Result "1-0"]
[WhiteElo "2231"]
[BlackElo "2150"]
[PlyCount "85"]
[EventDate "2003.11.09"]
[EventType "tourn"]
[EventRounds "17"]
[EventCountry "IND"]
[SourceTitle "EXT 2004"]
[Source "ChessBase"]
[SourceDate "2003.11.25"]
[SourceVersion "1"]
[SourceVersionDate "2003.11.25"]
[SourceQuality "1"]

1. e4 e5 2. Nf3 Nc6 3. Bb5 a6 4. Ba4 Nf6 5. 0-0 b5 6. Bb3 Bb7 7. c3 Nxe4 8. d4 Na5 9. Bc2 exd4 10. Re1 d5 11. Nxd4 Bd6 12. Nf5 0-0 13. Qg4 g6 14. Bxe4 dxe4 15. Nxd6 Qxd6 16. Bf4 Qe7 17. Nd2 f5 18. Qg3 Rac8 19. h4 Qf7 20. b4 Nc6 21. Nb3 Nd8 22. Nc5 Bd5 23. a4 c6 24. axb5 axb5 25. Ra3 Ne6 26. Nxe6 Bxe6 27. Rea1 Rfd8 28. Be5 Bb3 29. Ra7 Rd7 30. Rxd7 Qxd7 31. Bd4 Qc7 32. Qg5 Qd8 33. Qh6 Qf8 34. Qf4 Ra8 35. Rxa8 Qxa8 36. Qe5 Qf8 37. Qh8+ Kf7 38. Qxh7+ Ke6 39. Qxg6+ Kd7 40. Bc5 Qf7 41. Qd6+ Kc8 42. Qxc6+ Qc7 43. Qxb5 1-0

[Event "Asia-ch (Women) 10th"]
[Site "Calicut"]
[Date "2003.08.24"]
[Round "8"]
[White "Shen, Yang"]
[Black "Pratihba, Yuvaraj"]
[Result "1-0"]
[WhiteElo "2113"]
[BlackElo "2185"]
[PlyCount "99"]
[EventDate "2003.08.17"]
[EventType "swiss"]
[EventRounds "9"]
[EventCountry "IND"]
[SourceTitle "CBM 095 Extra"]
[Source "ChessBase"]
[SourceDate "2003.09.04"]
[SourceVersion "1"]
[SourceVersionDate "2003.09.04"]
[SourceQuality "1"]

1. e4 e6 2. d4 d5 3. Nd2 Nf6 4. e5 Nfd7 5. Bd3 c5 6. c3 Nc6 7. Ne2 Qb6 8. Nf3 cxd4 9. cxd4 f6 10. exf6 Nxf6 11. 0-0 Bd6 12. Nc3 0-0 13. a3 Bd7 14. Re1 Rae8 15. Bg5 Ng4 16. Bh4 Nh6 17. Bg3 Bxg3 18. hxg3 Kh8 19. Na4 Qd8 20. Nc5 Bc8 21. Rc1 Qf6 22. Bb5 Re7 23. Bxc6 bxc6 24. Nd3 Rc7 25. Qd2 Bd7 26. Nfe5 Nf5 27. Nc5 Bc8 28. Qf4 Qe7 29. g4 Nh4 30. Qe3 Qf6 31. Ncd3 Ba6 32. g5 Qf5 33. Nc5 Bc8 34. Qg3 Ng6 35. Nxg6+ hxg6 36. Rc3 Rcf7 37. Nd3 e5 38. Nxe5 Qxf2+ 39. Qxf2 Rxf2 40. Nxg6+ Kh7 41. Nxf8+ Rxf8 42. Rxc6 Bg4 43. Re7 Rf5 44. Re5 Rf4 45. Rxd5 Bf5 46. Re5 Bd3 47. d5 Rf1+ 48. Kh2 Rf2 49. Re3 Bb5 50. Rh3+ 1-0

[Event "Asia-ch (Women) 10th"]
[Site "Calicut"]
[Date "2003.08.22"]
[Round "6"]
[White "Pratihba, Yuvaraj"]
[Black "Nguyen, Thi Thanh An"]
[Result "1/2-1/2"]
[WhiteElo "2185"]
[BlackElo "2335"]
[PlyCount "311"]
[EventDate "2003.08.17"]
[EventType "swiss"]
[EventRounds "9"]
[EventCountry "IND"]
[SourceTitle "CBM 095 Extra"]
[Source "ChessBase"]
[SourceDate "2003.09.04"]
[SourceVersion "1"]
[SourceVersionDate "2003.09.04"]
[SourceQuality "1"]

1. e4 c6 2. d4 d5 3. Nd2 dxe4 4. Nxe4 Nd7 5. Nf3 Ngf6 6. Ng3 e6 7. Bd3 c5 8. c3 cxd4 9. Nxd4 Be7 10. 0-0 0-0 11. Re1 Re8 12. Qe2 Nf8 13. Be3 a6 14. Rad1 Qc7 15. Bg5 Bd7 16. Qf3 Ng6 17. Bc2 Rad8 18. h4 Nf8 19. h5 Qa5 20. Bh4 h6 21. Bb3 Bc8 22. Re2 Nxh5 23. Nxh5 Bxh4 24. Rde1 g6 25. Re5 Qc7 26. Qg4 Qe7 27. Nf5 exf5 28. Rxe7 Rxe7 29. Bxf7+ Kh7 30. Bxg6+ Nxg6 31. Rxe7+ Bxe7 32. Qc4 Ne5 33. Qe2 Bd6 34. Nf6+ Kg6 35. Qh5+ Kg7 36. Ne8+ Kf8 37. Nxd6 Rxd6 38. Qe2 Nf7 39. Qc4 Be6 40. Qb4 b6 41. c4 Ke7 42. c5 bxc5 43. Qxc5 Ng5 44. Qe5 Nf7 45. Qe3 Kf6 46. a4 Rd1+ 47. Kh2 Rd6 48. b4 Bd7 49. Qc3+ Ke7 50. Qc5 Bxa4 51. Qxf5 Bb5 52. Qe4+ Re6 53. Qd4 Rc6 54. Qe3+ Kf8 55. f4 Kg7 56. Qd4+ Kg6 57. Qe4+ Kf6 58. g4 Rc4 59. Qf5+ Kg7 60. g5 hxg5 61. fxg5 Rc6 62. Qf4 Rg6 63. Qd4+ Kg8 64. Kg3 Rxg5+ 65. Kf4 Rg6 66. Kf5 Rc6 67. Qa7 Nd6+ 68. Kg5 Kf8 69. Kf4 Ke8 70. Ke5 Nc4+ 71. Kf5 Nb6 72. Qb8+ Kd7 73. Ke5 Nc8 74. Qb7+ Kd8 75. Qg7 Ne7 76. Qh8+ Kd7 77. Qh3+ Kc7 78. Qh7 Kd7 79. Qh3+ Ke8 80. Qh8+ Kf7 81. Qh7+ Kf8 82. Qh8+ Ng8 83. Qh4 Kg7 84. Qd8 Kf7 85. Qh4 Re6+ 86. Kd4 Nf6 87. Qf4 Re4+ 88. Qxe4 Nxe4 89. Kxe4 Ke6 90. Kd4 Kf5 91. Kc3 Ke4 92. Kb3 Kd3 93. Kb2 Kc4 94. Ka2 Kc3 95. Kb1 Bc4 96. Ka1 Kb3 97. Kb1 Bd3+ 98. Ka1 Be2 99. Kb1 Bf3 100. Ka1 Kc2 101. Ka2 Bd5+ 102. Ka1 Bc6 103. Ka2 Bb5 104. Ka1 Bd3 105. Ka2 Kc3 106. Ka1 Be4 107. Ka2 Bd5+ 108. Ka1 Bc4 109. Kb1 Kb3 110. Ka1 Bd5 111. Kb1 Bb7 112. Ka1 Be4 113. b5 a5 114. b6 Bb7 115. Kb1 Ka3 116. Ka1 a4 117. Kb1 Bd5 118. Ka1 Kb3 119. Kb1 Be4+ 120. Ka1 Kb4 121. Ka2 Kb5 122. Ka3 Bd5 123. Kb2 Kxb6 124. Ka3 Ka5 125. Kb2 Kb4 126. Kb1 Kc3 127. Ka1 Kd2 128. Kb2 Bb3 129. Kb1 Bd1 130. Kb2 Bc2 131. Ka2 Kc1 132. Ka1 Bd1 133. Ka2 Kc2 134. Ka1 Kc1 135. Ka2 Bb3+ 136. Ka1 Bc2 137. Ka2 Bd3 138. Ka3 Bb5 139. Ka2 Bc4+ 140. Ka1 Bb5 141. Ka2 Bc6 142. Ka1 Kc2 143. Ka2 Bd5+ 144. Ka1 Kb3 145. Kb1 Ka3 146. Ka1 Bc4 147. Kb1 Ba2+ 148. Ka1 Be6 149. Kb1 Kb3 150. Ka1 a3 151. Kb1 a2+ 152. Ka1 Kb4 153. Kb2 Bb3 154. Ka1 Kc4 155. Kb2 Kd3 156. Ka1 1/2-1/2

[Event "Asia-ch (Women) 10th"]
[Site "Calicut"]
[Date "2003.08.21"]
[Round "5"]
[White "Mohota, Nisha"]
[Black "Pratihba, Yuvaraj"]
[Result "1/2-1/2"]
[WhiteElo "2321"]
[BlackElo "2185"]
[PlyCount "80"]
[EventDate "2003.08.17"]
[EventType "swiss"]
[EventRounds "9"]
[EventCountry "IND"]
[SourceTitle "CBM 095 Extra"]
[Source "ChessBase"]
[SourceDate "2003.09.04"]
[SourceVersion "1"]
[SourceVersionDate "2003.09.04"]
[SourceQuality "1"]

1. d4 e6 2. c4 f5 3. g3 c6 4. Bg2 d5 5. Nf3 Nf6 6. 0-0 Bd6 7. b3 Qe7 8. Qc2 0-0 9. Ne5 Ne4 10. e3 Bd7 11. f3 Ng5 12. Bb2 Be8 13. Nd2 Nd7 14. f4 Ne4 15. Nxe4 fxe4 16. Bh3 Nxe5 17. fxe5 Rxf1+ 18. Rxf1 Bc7 19. cxd5 exd5 20. Qc1 Bh5 21. Ba3 Qg5 22. Be6+ Kh8 23. Rf4 Qh6 24. Bd7 Rg8 25. Qc5 g5 26. Rf8 Rxf8 27. Qxf8+ Qxf8 28. Bxf8 Kg8 29. Be7 h6 30. e6 Bg4 31. Kg2 Bf5 32. h3 g4 33. hxg4 Bxg4 34. Bc8 b6 35. Bh4 h5 36. Be7 Kg7 37. Bd7 Bb8 38. b4 Bc7 39. Bc8 Kg8 40. Bd7 Kg7 1/2-1/2

[Event "Asia-ch U20 Girls 26th"]
[Site "Negombo"]
[Date "2003.07.19"]
[Round "2"]
[White "Pratihba, Yuvaraj"]
[Black "Mahima, Rajmohan"]
[Result "1-0"]
[WhiteElo "2185"]
[BlackElo "2104"]
[PlyCount "119"]
[EventDate "2003.07.18"]
[EventType "swiss"]
[EventRounds "10"]
[EventCountry "SRI"]
[SourceTitle "CBM 095 Extra"]
[Source "ChessBase"]
[SourceDate "2003.09.04"]
[SourceVersion "1"]
[SourceVersionDate "2003.09.04"]
[SourceQuality "1"]

1. e4 c5 2. Nf3 Nc6 3. d4 cxd4 4. Nxd4 g6 5. Nc3 Bg7 6. Be3 Nf6 7. f3 0-0 8. Qd2 a6 9. 0-0-0 Nxd4 10. Bxd4 d6 11. g4 Be6 12. Kb1 b5 13. h4 b4 14. Nd5 Bxd5 15. exd5 a5 16. h5 Qd7 17. Qh2 e5 18. dxe6 Qxe6 19. hxg6 fxg6 20. Bd3 Rae8 21. Be4 Rf7 22. Bc6 Rc8 23. Ba4 Re7 24. Bb3 d5 25. g5 Nh5 26. Bxg7 Kxg7 27. Bxd5 Qe2 28. Qxe2 Rxe2 29. Bb3 Rce8 30. Rd7+ R8e7 31. Rhd1 h6 32. gxh6+ Kxh6 33. Rxe7 Rxe7 34. c3 bxc3 35. bxc3 Re3 36. c4 Rxf3 37. c5 Rf8 38. c6 Rc8 39. Rd6 Rc7 40. Bc2 Nf4 41. Be4 Kh5 42. Kb2 g5 43. Kb3 g4 44. Rf6 Ne2 45. Kc4 Ng3 46. Bd5 Kg5 47. Re6 Nf5 48. Kc5 Ne7 49. Rxe7 Rxe7 50. Kd6 Re8 51. c7 Rh8 52. Kd7 Rh7+ 53. Kc6 Rh6+ 54. Kb7 Rh7 55. Kb8 Rh8+ 56. c8Q Rxc8+ 57. Kxc8 Kf4 58. Kc7 Ke5 59. Bg2 Kd4 60. Kb6 1-0

[Event "IND-ch (Women) 29th"]
[Site "Mumbai"]
[Date "2003.01.??"]
[Round "3"]
[White "Harika, Dronavalli"]
[Black "Pratihba, Yuvaraj"]
[Result "1-0"]
[WhiteElo "2269"]
[BlackElo "2194"]
[PlyCount "66"]
[EventDate "2003.01.23"]
[EventType "tourn"]
[EventRounds "13"]
[EventCountry "IND"]
[SourceTitle "CBM 092 Extra"]
[Source "ChessBase"]
[SourceDate "2003.03.07"]
[SourceVersion "1"]
[SourceVersionDate "2003.03.07"]
[SourceQuality "1"]

1. Nf3 d5 2. d4 e6 3. c4 f5 4. Bf4 Nf6 5. e3 Be7 6. Bd3 c6 7. Nc3 0-0 8. Qc2 Ne4 9. g4 Kh8 10. Rg1 Na6 11. a3 Qa5 12. Ke2 c5 13. cxd5 cxd4 14. Nxe4 fxe4 15. Bxe4 dxe3 16. fxe3 Bd7 17. Bxh7 Rac8 18. Qb1 Qb5+ 19. Bd3 Qxd5 20. Ne5 Be8 21. Qf1 Kg8 22. Qh3 g6 23. Rad1 Qb3 24. Rd2 Nc5 25. Bxg6 Bxg6 26. Nxg6 Qc4+ 27. Kd1 Qb3+ 28. Ke1 Nd3+ 29. Rxd3 Rc1+ 30. Ke2 Rc2+ 31. Kf3 Rxf4+ 32. Nxf4 Qxb2 33. Rg2 Bf8 1-0

[Event "IND-ch (Women) 29th"]
[Site "Mumbai"]
[Date "2003.01.??"]
[Round "4"]
[White "Pratihba, Yuvaraj"]
[Black "Meera, Sai Ravi"]
[Result "1-0"]
[WhiteElo "2194"]
[BlackElo "2160"]
[PlyCount "123"]
[EventDate "2003.01.23"]
[EventType "tourn"]
[EventRounds "13"]
[EventCountry "IND"]
[SourceTitle "CBM 092 Extra"]
[Source "ChessBase"]
[SourceDate "2003.03.07"]
[SourceVersion "1"]
[SourceVersionDate "2003.03.07"]
[SourceQuality "1"]

1. e4 e5 2. Nf3 Nc6 3. Bb5 a6 4. Ba4 Nf6 5. 0-0 Nxe4 6. d4 b5 7. Bb3 d5 8. dxe5 Be6 9. c3 Bc5 10. Nbd2 0-0 11. Bc2 Nxf2 12. Rxf2 f6 13. exf6 Bxf2+ 14. Kxf2 Qxf6 15. Nf1 Ne5 16. Kg1 Nxf3+ 17. Qxf3 Qxf3 18. gxf3 Rxf3 19. Bg5 Raf8 20. Ng3 Bh3 21. Be7 Re8 22. Bc5 h5 23. Bg6 Re5 24. Bxh5 Rxg3+ 25. hxg3 Rxh5 26. Re1 Bf5 27. Re8+ Kh7 28. Re7 Be4 29. b4 Rh1+ 30. Kf2 Rh2+ 31. Ke3 Rg2 32. Kf4 Kh6 33. Bd4 g6 34. Rxc7 Rxa2 35. Be3 Re2 36. Bc5 g5+ 37. Kg4 Ra2 38. Rc6+ Bg6 39. Be3 Rc2 40. Bxg5+ Kg7 41. Rxa6 Kf7 42. Rf6+ Kg7 43. Rd6 Be4 44. Bf6+ Kf7 45. Bd4 Ra2 46. Kf4 Ra8 47. Rb6 Bd3 48. Rf6+ Kg8 49. Ke5 Bc4 50. g4 Re8+ 51. Kd6 Ra8 52. Ke7 Rb8 53. Rg6+ Kh7 54. Rg7+ Kh6 55. Ke6 Rf8 56. Rc7 Bb3 57. Bg7+ Kg6 58. Kd6 Bc4 59. Bd4 Re8 60. Rg7+ Kh6 61. g5+ Kh5 62. Bf6 1-0

[Event "IND-ch (Women) 29th"]
[Site "Mumbai"]
[Date "2003.01.??"]
[Round "5"]
[White "Ramaswamy, Aarthie"]
[Black "Pratihba, Yuvaraj"]
[Result "1-0"]
[WhiteElo "2284"]
[BlackElo "2194"]
[PlyCount "93"]
[EventDate "2003.01.23"]
[EventType "tourn"]
[EventRounds "13"]
[EventCountry "IND"]
[SourceTitle "CBM 092 Extra"]
[Source "ChessBase"]
[SourceDate "2003.03.07"]
[SourceVersion "1"]
[SourceVersionDate "2003.03.07"]
[SourceQuality "1"]

1. e4 d5 2. exd5 Qxd5 3. Nc3 Qa5 4. d4 Nf6 5. Nf3 c6 6. Bc4 Bf5 7. Bd2 e6 8. Nd5 Qd8 9. Nxf6+ gxf6 10. Bb3 Bd6 11. Qe2 Qc7 12. d5 cxd5 13. Bxd5 Nc6 14. Bc3 Be7 15. Bxc6+ Qxc6 16. Nd4 Qe4 17. Nxf5 Qxf5 18. 0-0-0 Rd8 19. Kb1 0-0 20. Bd4 b6 21. Rd3 Kh8 22. Rhd1 Rg8 23. f3 Rd5 24. g4 Qg6 25. h4 Rgd8 26. h5 Qg5 27. c4 R5d6 28. Qe4 Kg8 29. a3 Qh4 30. Qe2 Qg5 31. Qe4 Qh4 32. R3d2 Qg5 33. Ka2 Kh8 34. Be3 Qe5 35. Rxd6 Bxd6 36. Qxe5 fxe5 37. Bg5 Rd7 38. Bf6+ Kg8 39. Bxe5 Bxe5 40. Rxd7 a5 41. b4 axb4 42. axb4 Kg7 43. Kb3 Kf6 44. Ka4 Bg3 45. Kb5 Bf2 46. Rb7 e5 47. Rxb6+ 1-0